US Flugzeugträger - Statistiken

Allgemein
  • Dieses Quiz wurde 75 mal gespielt
  • Das Durchschnittsergebnis liegt bei 6 aus 11
Antwortstatistiken
Schiffsnummer Name % Korrekt
CVN-78 Gerald R. Ford
82%
CVN-77 George H.W. Bush
65%
CVN-73 George Washington
65%
CVN-72 Abraham Lincoln
58%
CVN-69 Dwight D. Eisenhower
56%
CVN-76 Ronald Reagan
53%
CVN-68 Nimitz
51%
CVN-75 Harry S. Truman
49%
CVN-71 Theodore Roosevelt
47%
CVN-74 John C. Stennis
23%
CVN-70 Carl Vinson
16%
Keine übereinstimmenden Quizze gefunden
Verteilung der Resultate
Anzahl Personen mit jedem Resultat
Perzentil nach korrekt beantworteten Fragen
Ihre Resultats-Entwicklung
Sie haben dieses Quiz noch nicht gespielt